[Event "Guelph Winter Pro-Am U2000"]
[Site "Guelph"]
[Date "2012.02.12"]
[Round "4"]
[White "Hassain, Mahmud"]
[Black "Jizan, Masoud"]
[Result "1-0"]
[WhiteElo "1981"]
[BlackElo "1685"]
[PlyCount "83"]
[EventDate "2012.02.10"]
[EventType "swiss"]
[EventRounds "5"]
[EventCountry "CAN"]
[SourceTitle "EXT 2022"]
[Source "ChessBase"]
[SourceDate "2021.10.06"]
[SourceVersion "1"]
[SourceVersionDate "2021.10.06"]
[SourceQuality "1"]

1. e4 c5 2. Nf3 Nc6 3. h3 Nf6 4. Nc3 d6 5. d4 cxd4 6. Nxd4 a6 7. Bg5 e5 8. Nb3 Be7 9. Qd2 Be6 10. 0-0-0 Bxb3 11. cxb3 Nd4 12. Kb1 h6 13. Be3 Nc6 14. g4 g5 15. Be2 b5 16. Nd5 Nxe4 17. Qc2 Nc5 18. Bxc5 dxc5 19. Nf6+ Bxf6 20. Rxd8+ Rxd8 21. Qxc5 Ne7 22. Qb6 Bg7 23. Qxa6 0-0 24. Bxb5 Rd2 25. Bd3 Rd8 26. Bc2 Rc8 27. Rc1 Rcd8 28. Qb6 e4 29. Qe3 R8d4 30. Qc3 Rxf2 31. a4 Rdd2 32. Qb4 Nd5 33. Qxe4 Nf4 34. Qe8+ Bf8 35. a5 Nd3 36. Qe4 Bg7 37. a6 Rfe2 38. a7 Rxe4 39. a8Q+ Bf8 40. Qxe4 Bg7 41. Qe8+ Kh7 42. Bxd3+ 1-0

[Event "Scarborough CC LH Summer op"]
[Site "Toronto"]
[Date "2010.06.24"]
[Round "8"]
[White "Jizan, Masoud"]
[Black "Zhou, Kevin"]
[Result "1/2-1/2"]
[WhiteElo "1788"]
[BlackElo "1859"]
[PlyCount "47"]
[EventDate "2010.04.29"]
[EventType "swiss"]
[EventRounds "8"]
[EventCountry "CAN"]
[SourceTitle "EXT 2022"]
[Source "ChessBase"]
[SourceDate "2021.10.06"]
[SourceVersion "1"]
[SourceVersionDate "2021.10.06"]
[SourceQuality "1"]

1. Nf3 Nf6 2. d4 g6 3. c4 Bg7 4. Nc3 d6 5. e4 0-0 6. Bg5 c5 7. Be2 Nc6 8. d5 Ne5 9. Nxe5 dxe5 10. Qd2 a6 11. 0-0 Ne8 12. Rad1 Nd6 13. Be3 b6 14. f4 exf4 15. Rxf4 Be5 16. Rh4 Bf6 17. Bg5 e5 18. Bxf6 Qxf6 19. Qh6 Qg7 20. Qxg7+ Kxg7 21. Rf1 Bd7 22. g4 f5 23. g5 b5 24. exf5 1/2-1/2

[Event "Scarborough CC LH Summer op"]
[Site "Toronto"]
[Date "2010.05.13"]
[Round "2"]
[White "Gillis, Doug"]
[Black "Jizan, Masoud"]
[Result "1-0"]
[WhiteElo "1633"]
[BlackElo "1732"]
[PlyCount "87"]
[EventDate "2010.04.29"]
[EventType "swiss"]
[EventRounds "8"]
[EventCountry "CAN"]
[SourceTitle "EXT 2022"]
[Source "ChessBase"]
[SourceDate "2021.10.06"]
[SourceVersion "1"]
[SourceVersionDate "2021.10.06"]
[SourceQuality "1"]

1. d4 d5 2. Nc3 Nf6 3. Bg5 h6 4. Bxf6 gxf6 5. e3 Nc6 6. Bb5 Rg8 7. Qf3 a6 8. Bxc6+ bxc6 9. Nge2 e5 10. e4 Rb8 11. 0-0-0 Bb4 12. exd5 Bxc3 13. Qxc3 cxd5 14. dxe5 fxe5 15. Qxe5+ Be6 16. Nf4 Qg5 17. Rxd5 Qxe5 18. Rxe5 Ke7 19. Nxe6 fxe6 20. g3 Rb6 21. Rhe1 Rd6 22. Rd1 Rgd8 23. Rxd6 cxd6 24. Rh5 Rh8 25. Rh4 Kd7 26. Rg4 d5 27. Rg7+ Kd6 28. Ra7 Rf8 29. Rxa6+ Ke5 30. f4+ Kf5 31. a4 h5 32. b4 h4 33. gxh4 Rh8 34. a5 Rxh4 35. Ra7 Kxf4 36. a6 Ke5 37. Rb7 Rh8 38. a7 Ra8 39. b5 Kd6 40. b6 Kc6 41. Rb8 e5 42. Rxa8 Kxb6 43. Re8 Kxa7 44. h4 1-0

[Event "Toronto Scarborough CC Frost op"]
[Site "Toronto"]
[Date "2010.01.21"]
[Round "3"]
[White "Cale, Ferdinand"]
[Black "Jizan, Masoud"]
[Result "1/2-1/2"]
[WhiteElo "1568"]
[BlackElo "1774"]
[PlyCount "77"]
[EventDate "2010.01.07"]
[EventType "swiss"]
[EventRounds "6"]
[EventCountry "CAN"]
[SourceTitle "EXT 2011"]
[Source "ChessBase"]
[SourceDate "2010.11.26"]
[SourceVersion "1"]
[SourceVersionDate "2010.11.26"]
[SourceQuality "1"]

1. e4 e6 2. Nf3 Nc6 3. d4 d5 4. e5 f6 5. Bb5 Bd7 6. Bxc6 Bxc6 7. 0-0 fxe5 8. Nxe5 Nf6 9. Bg5 Bd6 10. f4 0-0 11. Re1 Qe8 12. Nxc6 bxc6 13. Bxf6 Rxf6 14. g3 Qg6 15. Kh1 Rb8 16. b3 c5 17. c3 Qh6 18. Nd2 Rg6 19. Qf3 Rf8 20. Nf1 Qh3 21. Re3 cxd4 22. cxd4 c5 23. dxc5 Bxc5 24. Rd3 Rxf4 25. Rc1 Rgf6 26. Qg2 Qxg2+ 27. Kxg2 Rf2+ 28. Kh3 Rxf1 29. Rxc5 Rf8 30. Rd2 g5 31. Rc7 R8f7 32. Rxf7 Kxf7 33. b4 e5 34. Rd3 Kf6 35. a4 Ke6 36. b5 Kd6 37. a5 Kc7 38. Rd2 Kb7 39. Rd3 1/2-1/2

[Event "Toronto Scarborough CC Frost op"]
[Site "Toronto"]
[Date "2010.01.14"]
[Round "2"]
[White "Jizan, Masoud"]
[Black "Kurkowski, Ken"]
[Result "1/2-1/2"]
[WhiteElo "1774"]
[BlackElo "1626"]
[PlyCount "58"]
[EventDate "2010.01.07"]
[EventType "swiss"]
[EventRounds "6"]
[EventCountry "CAN"]
[SourceTitle "EXT 2011"]
[Source "ChessBase"]
[SourceDate "2010.11.26"]
[SourceVersion "1"]
[SourceVersionDate "2010.11.26"]
[SourceQuality "1"]

1. b4 e5 2. Bb2 d6 3. e4 Nf6 4. Nc3 Be7 5. Bc4 0-0 6. Nge2 Be6 7. Bxe6 fxe6 8. d4 Nbd7 9. Qd2 c6 10. a3 Ng4 11. 0-0 Bg5 12. f4 exf4 13. Nxf4 Qf6 14. Nce2 Qh6 15. h3 Ndf6 16. Qd3 Rae8 17. hxg4 Nxg4 18. Qg3 Nf6 19. e5 Nd5 20. Bc1 dxe5 21. dxe5 Rf5 22. Nh3 Be3+ 23. Bxe3 Nxe3 24. Rxf5 Nxf5 25. Qg5 Qxg5 26. Nxg5 h6 27. Ne4 Rd8 28. Nf4 Rd4 29. g4 Nh4 1/2-1/2

[Event "Scarborough CC Spring op"]
[Site "Toronto"]
[Date "2009.06.11"]
[Round "7"]
[White "Moran Venegas, Mario"]
[Black "Jizan, Masoud"]
[Result "0-1"]
[WhiteElo "1780"]
[BlackElo "1630"]
[PlyCount "78"]
[EventDate "2009.04.30"]
[EventType "swiss"]
[EventRounds "9"]
[EventCountry "CAN"]
[SourceTitle "EXT 2011"]
[Source "ChessBase"]
[SourceDate "2010.11.26"]
[SourceVersion "1"]
[SourceVersionDate "2010.11.26"]
[SourceQuality "1"]

1. e4 c5 2. Nf3 Nc6 3. Bb5 a6 4. Bxc6 dxc6 5. 0-0 Bg4 6. d3 e6 7. h3 Bh5 8. Bf4 g5 9. Be5 f6 10. g4 Bg6 11. Bc3 h6 12. Nbd2 e5 13. Nc4 Bd6 14. Nh2 Bc7 15. Qf3 b5 16. Ne3 Qd7 17. a3 h5 18. b4 Bb6 19. Rfd1 0-0-0 20. bxc5 Bxc5 21. Ba5 Rf8 22. c4 hxg4 23. Nexg4 Bh5 24. cxb5 axb5 25. Rdc1 Bd4 26. Rab1 Ne7 27. Rxb5 Qa7 28. Bb4 Kd7 29. Bxe7 cxb5 30. Bxf8 Rxf8 31. Qf5+ Kd6 32. Nxf6 Qe7 33. Qxg5 Qxf6 34. Qxh5 Rg8+ 35. Kh1 Qf4 36. Rc2 Bxf2 37. Ng4 Qf3+ 38. Kh2 Qg3+ 39. Kh1 Qg1# 0-1

[Event "Scarborough CC Jack Frost"]
[Site "Toronto"]
[Date "2009.01.15"]
[Round "2"]
[White "Jizan, Masoud"]
[Black "Conte, Michael"]
[Result "0-1"]
[WhiteElo "1636"]
[BlackElo "1779"]
[PlyCount "80"]
[EventDate "2009.01.08"]
[EventType "swiss"]
[EventRounds "7"]
[EventCountry "CAN"]
[SourceTitle "EXT 2011"]
[Source "ChessBase"]
[SourceDate "2010.11.26"]
[SourceVersion "1"]
[SourceVersionDate "2010.11.26"]
[SourceQuality "1"]

1. e4 c6 2. Nf3 d5 3. exd5 cxd5 4. d4 Bg4 5. Bb5+ Nd7 6. h3 Bxf3 7. Qxf3 e6 8. 0-0 Ngf6 9. Nc3 Be7 10. Qg3 g6 11. Bh6 Qb6 12. Bg7 Nh5 13. Nxd5 exd5 14. Bxd7+ Kxd7 15. Qe5 Nxg7 16. Qxg7 Qf6 17. Qh6 Bd6 18. Qe3 Qf4 19. Qxf4 Bxf4 20. g3 Bg5 21. h4 Bf6 22. c3 Rhe8 23. Rfe1 Rxe1+ 24. Rxe1 Re8 25. Kf1 Rxe1+ 26. Kxe1 b5 27. a3 a5 28. b4 axb4 29. axb4 Ke6 30. Ke2 Kf5 31. Kf3 h5 32. Ke2 Kg4 33. Ke3 Bg7 34. Ke2 Bh6 35. Kd1 Kf3 36. Kc2 Kxf2 37. c4 dxc4 38. d5 Bf8 39. Kc3 Kxg3 40. Kd4 Bxb4 0-1

[Event "Toronto Howard Ridout op U1700"]
[Site "Toronto"]
[Date "2008.10.09"]
[Round "5"]
[White "Jizan, Masoud"]
[Black "Dattani, Dinesh"]
[Result "1-0"]
[WhiteElo "1617"]
[BlackElo "1273"]
[PlyCount "69"]
[EventDate "2008.09.11"]
[EventType "swiss"]
[EventRounds "7"]
[EventCountry "CAN"]
[SourceTitle "EXT 2011"]
[Source "ChessBase"]
[SourceDate "2010.11.26"]
[SourceVersion "1"]
[SourceVersionDate "2010.11.26"]
[SourceQuality "1"]

1. e4 e5 2. Nf3 Nc6 3. Bc4 Nf6 4. Nc3 Be7 5. d4 exd4 6. Nxd4 0-0 7. Be3 d6 8. h3 Re8 9. Qf3 Na5 10. Bd3 Nd7 11. Qg3 Bf6 12. 0-0-0 Nc6 13. Nf5 Bxc3 14. bxc3 Qf6 15. Bh6 g6 16. Bd2 Qe5 17. f4 Qe6 18. Kb1 Nf6 19. Nh6+ Kg7 20. f5 Qe5 21. Qf3 Nxe4 22. Bxe4 Qxe4 23. f6+ Kf8 24. Qg3 Bf5 25. Rc1 Qe5 26. Nxf5 Qxf5 27. Rhf1 Qb5+ 28. Ka1 Ne5 29. Qg5 Re6 30. Qh6+ Ke8 31. Qxh7 Kd7 32. g4 Nc4 33. Rb1 Qe5 34. Qxf7+ Kc6 35. Rfe1 1-0

[Event "Scarborough CC Spring Swiss U1700"]
[Site "Toronto"]
[Date "2008.03.27"]
[Round "3"]
[White "Smith, Maurice"]
[Black "Jizan, Masoud"]
[Result "1-0"]
[WhiteElo "1544"]
[BlackElo "1622"]
[PlyCount "69"]
[EventDate "2008.03.13"]
[EventType "swiss"]
[EventRounds "8"]
[EventCountry "CAN"]
[SourceTitle "EXT 2011"]
[Source "ChessBase"]
[SourceDate "2010.11.26"]
[SourceVersion "1"]
[SourceVersionDate "2010.11.26"]
[SourceQuality "1"]

1. e4 e5 2. Nf3 Nc6 3. Bb5 Nd4 4. Nxd4 exd4 5. d3 Qe7 6. 0-0 a6 7. Ba4 b5 8. Bb3 Bb7 9. Bf4 0-0-0 10. a4 b4 11. c3 g5 12. Bg3 bxc3 13. bxc3 dxc3 14. Nxc3 Bg7 15. Rc1 h5 16. Nd5 Bxd5 17. Rxc7+ Kb8 18. Rxd7+ Kc8 19. Rxe7 Nxe7 20. Bxd5 Nxd5 21. exd5 Kd7 22. Qf3 Ke8 23. Qe4+ Kf8 24. Re1 Bf6 25. Bc7 Rc8 26. Bd6+ Kg7 27. Be5 Rh6 28. Bxf6+ Rxf6 29. Qe5 Kg6 30. Qe4+ Kg7 31. g3 Rc2 32. Rf1 Ra2 33. Qd4 Kg6 34. d6 Re2 35. d7 1-0

[Event "Scarborough CC-ch reserves"]
[Site "Toronto"]
[Date "2008.02.07"]
[Round "6"]
[White "Buzila, Georghe"]
[Black "Jizan, Masoud"]
[Result "0-1"]
[WhiteElo "1766"]
[BlackElo "1622"]
[PlyCount "102"]
[EventDate "2008.01.03"]
[EventType "swiss"]
[EventRounds "10"]
[EventCountry "CAN"]
[SourceTitle "EXT 2011"]
[Source "ChessBase"]
[SourceDate "2010.11.26"]
[SourceVersion "1"]
[SourceVersionDate "2010.11.26"]
[SourceQuality "1"]

1. c4 e5 2. Nc3 Nf6 3. g3 Bc5 4. Bg2 c6 5. e3 d6 6. Nge2 Bf5 7. d4 Bb6 8. dxe5 dxe5 9. Qxd8+ Bxd8 10. e4 Be6 11. b3 Ba5 12. Ba3 Na6 13. 0-0 Nb4 14. Bxb4 Bxb4 15. a3 Bc5 16. b4 Bd4 17. c5 Bc4 18. Rac1 Bxc3 19. Nxc3 Bxf1 20. Kxf1 Rd8 21. Ke2 Ke7 22. f4 exf4 23. gxf4 Rd4 24. e5 Nh5 25. Ke3 Rxf4 26. Bf3 Rh4 27. Rc2 Rd8 28. Ne4 Rd5 29. Rf2 Rxe5 30. Kd2 Rhxe4 31. Bxe4 Rxe4 32. Kd3 Rh4 33. Kc3 Nf6 34. Re2+ Ne4+ 35. Kd4 f5 36. a4 Kf6 37. Kd3 Rh3+ 38. Kd4 Ra3 39. a5 Rh3 40. Rb2 Ng5 41. Kc4 Rh4+ 42. Kd3 Ne4 43. Ra2 a6 44. Rb2 Ke5 45. Re2 Kd5 46. Rc2 g5 47. Rg2 Rh3+ 48. Kc2 f4 49. Re2 f3 50. Re3 Rxh2+ 51. Kb3 f2 0-1

[Event "Scarborough CC Fall Swiss U1700"]
[Site "Toronto"]
[Date "2007.11.08"]
[Round "2"]
[White "Xia, Linda"]
[Black "Jizan, Masoud"]
[Result "0-1"]
[WhiteElo "1329"]
[BlackElo "1612"]
[PlyCount "48"]
[EventDate "2007.11.01"]
[EventType "swiss"]
[EventRounds "8"]
[EventCountry "CAN"]
[SourceTitle "EXT 2022"]
[Source "ChessBase"]
[SourceDate "2021.10.06"]
[SourceVersion "1"]
[SourceVersionDate "2021.10.06"]
[SourceQuality "1"]

1. d4 g6 2. c4 Nf6 3. Nc3 Bg7 4. Nf3 d6 5. e3 c6 6. Be2 Bf5 7. 0-0 Nbd7 8. Nh4 Qc7 9. a4 e6 10. Bd3 Bxd3 11. Qxd3 d5 12. Nf3 e5 13. dxe5 Nxe5 14. Nxd5 cxd5 15. Nxe5 Qxe5 16. cxd5 0-0 17. d6 Rfd8 18. Rd1 Rd7 19. a5 a6 20. Ra4 Rad8 21. Rd4 Bf8 22. Qc3 Rxd6 23. Rxd6 Rxd6 24. Qxe5 Rxd1# 0-1